Skate Brands by logo - Statistics

General Stats
  • This quiz has been taken 54 times
  • The average score is 23 of 50
Answer Stats
Picture Answer % Correct
New Balance
100%
Supreme
100%
DC Shoes
96%
Thrasher
96%
Vans
94%
Dickies
92%
Baker
88%
Converse
88%
Girl
85%
Spitfire
81%
Santa Cruz
79%
Toy Machine
79%
Carhartt
73%
Volcom
73%
Element
71%
Independent
69%
Etnies
60%
Zero
58%
Dime
56%
Palace
56%
Ripndip
54%
Hockey
50%
Obey
48%
Polar Skate Co.
48%
Diamond
46%
GX1000
46%
Primitive
46%
Krooked
44%
Pig
40%
Wasted Paris
31%
Ace
29%
HUF
27%
Magenta
25%
Patta
25%
Pop Trading Co.
25%
Butter
23%
Habitat
23%
Stüssy
21%
Hélas
17%
Globe
15%
Homeboy
10%
Carpet
8%
Last Resort AB
8%
NNSNS
8%
Rassvet
8%
Bronze 56k
6%
Reell
4%
Sour Solution
4%
Annuell
2%
Theories
2%
No matching quizzes found
Score Distribution
Percent of People with Each Score
Percentile by Number Answered
Your Score History
You have not taken this quiz